000 01189cam a22003133a 4500
001 1747
005 20230926150132.0
020 _a0590568752
040 _aJBL
_cJBL
_dSLC
_dOCL
_dOCLCQ
_dDLC
_beng
050 0 0 _aPZ7.S86037
082 _a813.54
100 1 _aStine, R. L.
245 1 4 _aThe abominable snowman of Pasadena /
_cR.L. Stine.
260 _aNew York :
_bScholastic,
_c1995.
300 _a127 pages ;
_c20 cm.
490 1 _aGoosebumps ;
_vBook 38
500 _a"An Apple paperback."
500 _a"A Parachute Press book"--T.p. verso.
505 _aH
520 _aJordan and his sister, Nicole, are sick of the hot weather in Pasadena, California. Just once, they'd like to have aa real winter with real snow. And then it happens. Their family is taking a trip to Alaska! But now they're being chased by a monstrous creature. A big, furry-faced creature known as the Abominable Snowman.
521 _a420
_bLexile
521 _aH
_bRaz-Plus
650 0 _aYeti
_vFiction.
650 0 _aHorror tales.
655 7 _aChildren's stories.
_2lcsh
655 7 _aHorror fiction.
_2gsafd
906 _a7
_bcbc
_ccopycat
_d2
_encip
_f20
_gy-genrareb
942 _2ddc
_cBK
_n0
999 _c1747
_d1747